|
|
|
|
| LEADER |
00000cam a2200000 7i4500 |
| 001 |
0000001243 |
| 005 |
20140329.0 |
| 020 |
0 |
0 |
|a 9839119745
|
| 090 |
0 |
0 |
|a 363.70509595
|b DUA 1999
|
| 245 |
0 |
0 |
|a 20 tahun kecemerlangan pengurusan alam sekitar di Malaysia (1975-1995)
|c edited by Patrick Tan Hock Chuan ... (et al.)
|
| 260 |
0 |
0 |
|a Kuala Lumpur :
|b Jabatan Alam Sekitar, Kementerian Sains, Teknologi dan Alam Sekitar ,
|c 1999
|
| 300 |
|
|
|a 242 p. :
|b col. ill. ;
|c 30 cm.
|
| 650 |
0 |
0 |
|a Environmental management
|z Malaysia
|
| 650 |
0 |
0 |
|a Environmental policy
|z Malaysia
|
| 700 |
0 |
1 |
|a Tan
|h Hock Chuan, Patrick
|
| 710 |
1 |
1 |
|a Malaysia ,
|c Jabatan Alam Sekitar
|
| 998 |
|
|
|a JPSM
|
| 999 |
|
|
|a 0000002745
|b Monograph
|c Open Shelf
|e Default branch
|
| 999 |
|
|
|a 0000002746
|b Monograph
|c Open Shelf
|e Default branch
|
| 999 |
|
|
|a 0000002747
|b Monograph
|c Open Shelf
|e Default branch
|